[Event "Czech Open GM 2019"]
[Site "Pardubice"]
[Date "2019.07.19"]
[Round "1.1"]
[White "Jurek, Josef"]
[Black "Laznicka, Viktor"]
[Result "0-1"]
[WhiteElo "2247"]
[BlackElo "2658"]
[Annotator "TA"]
[PlyCount "138"]
[EventDate "2019.07.19"]
[EventType "swiss"]
[EventCountry "CZE"]
[SourceTitle "playchess.com"]
[Source "ChessBase"]
[SourceQuality "1"]

1. Nf3 d5 2. d4 Nf6 3. c4 c6 4. cxd5 cxd5 5. Nc3 Nc6 6. Bf4 a6 7. Rc1 Bf5 8. e3 Rc8 9. Bd3 Bxd3 10. Qxd3 e6 11. O-O Be7 12. Ne5 Nh5 13. Nxc6 Nxf4 14. exf4 Rxc6 15. f5 O-O 16. Ne2 Rb6 17. Rc2 exf5 18. Qxf5 Rf6 19. Qd3 Bd6 20. Ng3 Qd7 21. Re1 g6 22. Nf1 h5 23. a3 Kg7 24. Ne3 Bb8 25. Rc5 Rd6 26. Nf1 Ba7 27. Rc2 Rf6 28. Nd2 Re8 29. Rxe8 Qxe8 30. Nf3 Re6 31. g3 Bb6 32. Kg2 Qa4 33. Re2 Qe8 34. Rxe6 Qxe6 35. Qb3 f6 36. h4 Kf7 37. Qb4 Ke8 38. Qb3 Kd7 39. Qb4 Kc8 40. Qf8+ Bd8 41. Qc5+ Kd7 42. Qb4 b5 43. Qc5 Qe4 44. Qa7+ Bc7 45. Qxa6 g5 46. Qxb5+ Kd8 47. Qc6 g4 48. Qxf6+ Kc8 49. Qh8+ Kb7 50. Qxh5 Qxf3+ 51. Kg1 Qd1+ 52. Kg2 Qxd4 53. Qf7 Qe4+ 54. Kf1 d4 55. Qb3+ Kc6 56. Qc4+ Kd6 57. Qb4+ Kd7 58. Kg1 Qd5 59. h5 d3 60. Qxg4+ Kd8 61. h6 d2 62. Qd1 Be5 63. h7 Bxb2 64. Kh2 Bc3 65. a4 Qd3 66. Qh5 d1=Q 67. h8=Q+ Bxh8 68. Qxh8+ Kc7 69. Qg7+ Qd7 0-1

[Event "Czech Open GM 2019"]
[Site "Pardubice"]
[Date "2019.07.19"]
[Round "1.1"]
[White "Poleg, Matan"]
[Black "Potapov, Pavel"]
[Result "0-1"]
[WhiteElo "2226"]
[BlackElo "2485"]
[Annotator "ChessBase"]
[PlyCount "52"]
[EventDate "2019.07.19"]
[EventType "swiss"]
[EventCountry "CZE"]
[SourceTitle "playchess.com"]
[Source "ChessBase"]
[SourceQuality "1"]

1. d4 f5 2. Nf3 Nf6 3. g3 g6 4. Bg2 Bg7 5. O-O O-O 6. Nbd2 d6 7. Re1 Nc6 8. c3 e5 9. dxe5 dxe5 10. e4 f4 11. b4 a6 12. a4 Qe8 13. Nb3 Bg4 14. Qe2 Qf7 15. Nc5 fxg3 16. fxg3 Nxe4 17. Qxe4 Bxf3 18. Bxf3 Qxf3 19. Nxb7 Qxc3 20. Be3 Nd4 21. Qd5+ Kh8 22. Bxd4 exd4 23. Nc5 Rad8 24. Qb7 d3 25. Red1 d2 26. Rab1 Rde8 0-1

[Event "Czech Open GM 2019"]
[Site "Pardubice"]
[Date "2019.07.19"]
[Round "1.2"]
[White "Movsesian, Sergei"]
[Black "Radeva, Viktoria"]
[Result "1-0"]
[WhiteElo "2649"]
[BlackElo "2247"]
[Annotator "TA"]
[PlyCount "65"]
[EventDate "2019.07.19"]
[EventType "swiss"]
[EventCountry "CZE"]
[SourceTitle "playchess.com"]
[Source "ChessBase"]
[SourceQuality "1"]

1. e4 e6 2. d4 d5 3. e5 c5 4. c3 Ne7 5. Nf3 Nbc6 6. Na3 cxd4 7. cxd4 Nf5 8. Nc2 Be7 9. Bd3 a6 10. h4 Qa5+ 11. Kf1 h5 12. g3 Bd7 13. Kg2 Qb6 14. Bxf5 exf5 15. Bg5 Be6 16. Qd2 O-O-O 17. b4 Kb8 18. a4 Rc8 19. Rhb1 Bxg5 20. Nxg5 Ne7 21. Na3 Qc7 22. b5 a5 23. b6 Qc3 24. Qd1 f4 25. Rb3 Qc6 26. Qe1 Qd7 27. Qxa5 Nc6 28. Qd2 fxg3 29. Rxg3 Rcf8 30. Re1 Bf5 31. Nb5 Rh6 32. Qf4 Be6 33. Rc1 1-0

[Event "Czech Open GM 2019"]
[Site "Pardubice"]
[Date "2019.07.19"]
[Round "1.2"]
[White "Karthik Venkataraman"]
[Black "Cholleti Sahajasri"]
[Result "0-1"]
[WhiteElo "2480"]
[BlackElo "2223"]
[Annotator "ChessBase"]
[PlyCount "126"]
[EventDate "2019.07.19"]
[EventType "swiss"]
[EventCountry "CZE"]
[SourceTitle "playchess.com"]
[Source "ChessBase"]
[SourceQuality "1"]

1. b3 e5 2. Bb2 Nc6 3. e3 g6 4. Nf3 Bg7 5. d4 e4 6. Nfd2 f5 7. c4 Nce7 8. g4 d5 9. gxf5 Bxf5 10. cxd5 Nxd5 11. Nc3 Nxe3 12. Qc1 Nxf1 13. Nxf1 c6 14. Ne3 Ne7 15. Qc2 Nd5 16. Ncxd5 cxd5 17. Qc5 Be6 18. Rc1 Bf8 19. Qb5+ Qd7 20. Qa5 b6 21. Qc3 Bd6 22. Nc4 O-O 23. Nxd6 Qxd6 24. Qc6 Qb4+ 25. Rc3 Rae8 26. O-O Qe7 27. Qc7 Rf3 28. Qxe7 Rxe7 29. Rxf3 exf3 30. Re1 Kf7 31. h4 Bg4 32. Rxe7+ Kxe7 33. Kh2 Ke6 34. Kg3 Kf5 35. Bc1 h5 36. Bf4 Ke4 37. Be5 Kd3 38. Kf4 Ke2 39. Kg3 Bf5 40. Bf4 Be4 41. a3 Kd3 42. Bb8 a6 43. Kf4 Kc3 44. b4 Kb3 45. Bd6 b5 46. Ke3 Kxa3 47. Kd2 Kb3 48. Be7 Kc4 49. Ke3 Kc3 50. Bd6 Bc2 51. Bc5 Bd1 52. Kf4 Be2 53. Ke5 Bc4 54. Kf4 a5 55. bxa5 b4 56. Kxf3 b3 57. Ba3 b2 58. Bxb2+ Kxb2 59. Kf4 Kc3 60. Ke5 Kd3 61. f3 Ke2 62. Kf4 Kf2 63. Kg5 Kxf3 0-1

[Event "Czech Open GM 2019"]
[Site "Pardubice"]
[Date "2019.07.19"]
[Round "1.3"]
[White "Berdnyk, Mariia"]
[Black "Van Foreest, Jorden"]
[Result "1-0"]
[WhiteElo "2247"]
[BlackElo "2612"]
[Annotator "TA"]
[PlyCount "107"]
[EventDate "2019.07.19"]
[EventType "swiss"]
[EventCountry "CZE"]
[SourceTitle "playchess.com"]
[Source "ChessBase"]
[SourceQuality "1"]

1. d4 Nf6 2. c4 g6 3. Nc3 d5 4. cxd5 Nxd5 5. e4 Nxc3 6. bxc3 Bg7 7. Nf3 c5 8. Rb1 O-O 9. Be2 b6 10. O-O Qc7 11. Bg5 Bb7 12. Qd3 h6 13. Bh4 Nd7 14. d5 c4 15. Qe3 Rfe8 16. Nd4 Nc5 17. Bg3 Qd7 18. Bxc4 Ba6 19. Bxa6 Nxa6 20. Rfd1 Rac8 21. Nc6 e5 22. c4 Nc5 23. f3 Qc7 24. Bf2 Bf8 25. a4 Nxa4 26. Ra1 Qd7 27. Qb3 Nc5 28. Qb2 Rc7 29. Nxe5 Bg7 30. Bd4 Na4 31. Rxa4 Bxe5 32. Rda1 Bxd4+ 33. Qxd4 Rb8 34. e5 a5 35. R4a2 Rc5 36. Re1 Qc8 37. e6 Rxc4 38. Qf6 Qc5+ 39. Kh1 Qxd5 40. Qxf7+ Kh8 41. Qf6+ Kh7 42. Qf7+ Kh8 43. Qxg6 Qg5 44. Qd3 Rc1 45. Rae2 Rg8 46. Qd4+ Kh7 47. Qe4+ Kh8 48. f4 Rxe1+ 49. Rxe1 Qf6 50. h3 b5 51. Rd1 Rd8 52. Rxd8+ Qxd8 53. e7 Qe8 54. f5 1-0

[Event "Czech Open GM 2019"]
[Site "Pardubice"]
[Date "2019.07.19"]
[Round "1.3"]
[White "Nikologorsky, Matfei"]
[Black "Warmerdam, Max"]
[Result "0-1"]
[WhiteElo "2223"]
[BlackElo "2480"]
[Annotator "ChessBase"]
[PlyCount "112"]
[EventDate "2019.07.19"]
[EventType "swiss"]
[EventCountry "CZE"]
[SourceTitle "playchess.com"]
[Source "ChessBase"]
[SourceQuality "1"]

1. e4 c5 2. Nf3 d6 3. d4 cxd4 4. Nxd4 Nf6 5. Nc3 a6 6. Be2 e5 7. Nb3 Be7 8. Be3 Be6 9. O-O O-O 10. Qd2 Nbd7 11. a4 Rc8 12. a5 Qc7 13. Bf3 Rfe8 14. Rfd1 h6 15. Nc1 b5 16. axb6 Nxb6 17. Bxb6 Qxb6 18. Nd3 Qb7 19. h3 Rc4 20. Qe2 Rec8 21. Ra4 Rxa4 22. Nxa4 Bd8 23. Ra1 Bc7 24. b3 Bb8 25. Ra3 Ba7 26. c4 Bd4 27. Qe1 Rb8 28. Nc3 Nd7 29. Bd1 Nf6 30. Nd5 Nxd5 31. exd5 Bf5 32. Qd2 Qb6 33. Ne1 Bc5 34. Ra2 Bb1 35. Rb2 Bg6 36. Kh1 e4 37. Ra2 Bb4 38. Qe2 e3 39. f3 Re8 40. Nd3 Bc3 41. Qc2 Qd4 42. Be2 a5 43. Qd1 Bd2 44. Nb2 Re5 45. Kh2 h5 46. b4 axb4 47. Ra8+ Kh7 48. Qb3 Rg5 49. Nd3 Qh4 50. g4 hxg4 51. fxg4 Be4 52. Qb1 Rg6 53. Qf1 Rf6 54. Qg1 Bxd3 55. Bxd3+ g6 56. Be4 e2 0-1

[Event "Czech Open GM 2019"]
[Site "Pardubice"]
[Date "2019.07.19"]
[Round "1.4"]
[White "Martinez Alcantara, Jose Eduardo"]
[Black "Simet, Martin"]
[Result "1-0"]
[WhiteElo "2601"]
[BlackElo "2244"]
[Annotator "TA"]
[PlyCount "59"]
[EventDate "2019.07.19"]
[EventType "swiss"]
[EventCountry "CZE"]
[SourceTitle "playchess.com"]
[Source "ChessBase"]
[SourceQuality "1"]

1. e4 d6 2. d4 Nf6 3. Nc3 e5 4. Nf3 Nbd7 5. Bc4 Be7 6. O-O O-O 7. a4 a5 8. Re1 c6 9. Ba2 Qc7 10. Nh4 Nb6 11. dxe5 dxe5 12. Qf3 Nfd5 13. exd5 Bxh4 14. dxc6 bxc6 15. Qh5 Bf6 16. Ne4 Be7 17. Ng5 Bxg5 18. Qxg5 Re8 19. Bf4 Bf5 20. Bg3 g6 21. Qf6 Qe7 22. Qxc6 Nd7 23. Bb3 Rac8 24. Qd5 Rc5 25. Qd2 Rec8 26. Rad1 Nb6 27. Qh6 Kh8 28. f4 Qf8 29. Qxf8+ Rxf8 30. Bf2 1-0

[Event "Czech Open GM 2019"]
[Site "Pardubice"]
[Date "2019.07.19"]
[Round "1.4"]
[White "Gagare, Shardul"]
[Black "Heimrath, Reiner"]
[Result "1-0"]
[WhiteElo "2476"]
[BlackElo "2222"]
[Annotator "ChessBase"]
[PlyCount "87"]
[EventDate "2019.07.19"]
[EventType "swiss"]
[EventCountry "CZE"]
[SourceTitle "playchess.com"]
[Source "ChessBase"]
[SourceQuality "1"]

1. Nf3 Nf6 2. c4 g6 3. b3 Bg7 4. Bb2 O-O 5. g3 d6 6. Bg2 e5 7. d3 Nc6 8. O-O Bg4 9. Nc3 Qd7 10. Re1 Rae8 11. Rc1 h6 12. Nd2 Bh3 13. Bh1 Kh7 14. Nd5 Nxd5 15. cxd5 Nd8 16. Qc2 Re7 17. d4 f6 18. e4 Qe8 19. f4 g5 20. f5 c6 21. dxc6 bxc6 22. Ba3 Rd7 23. Nc4 Nb7 24. Qf2 Qb8 25. Red1 Bg4 26. Bf3 Bxf3 27. Qxf3 Rfd8 28. Qh5 c5 29. dxe5 dxe5 30. Rxd7 Rxd7 31. Ne3 Qd8 32. Nd5 Nd6 33. Nc3 Qa5 34. Bb2 c4 35. Qg6+ Kh8 36. Nd5 Qd8 37. bxc4 Nxe4 38. Kg2 Rb7 39. Rc2 Nd6 40. Kh3 Nxc4 41. Rxc4 Rxb2 42. Rc7 Qg8 43. Ne7 g4+ 44. Qxg4 1-0

[Event "Czech Open GM 2019"]
[Site "Pardubice"]
[Date "2019.07.19"]
[Round "1.5"]
[White "Hrabinska, Myroslava"]
[Black "Krejci, Jan"]
[Result "1/2-1/2"]
[WhiteElo "2243"]
[BlackElo "2578"]
[Annotator "ChessBase"]
[PlyCount "76"]
[EventDate "2019.07.19"]
[EventType "swiss"]
[EventCountry "CZE"]
[SourceTitle "playchess.com"]
[Source "ChessBase"]
[SourceQuality "1"]

1. e4 e5 2. Nf3 Nc6 3. d4 exd4 4. c3 dxc3 5. Nxc3 d6 6. Bc4 Be6 7. Bxe6 fxe6 8. Qb3 Qd7 9. Qxb7 Rb8 10. Qa6 Nge7 11. O-O g6 12. b3 Bg7 13. Bb2 O-O 14. Qe2 h6 15. Na4 e5 16. Rac1 Kh7 17. Rfd1 Qe8 18. Rc3 g5 19. Bc1 Qg6 20. Be3 Qxe4 21. Qd2 Qg6 22. Nxg5+ hxg5 23. Bxg5 Rf5 24. Bxe7 Nxe7 25. Rxc7 Nc8 26. Nc3 Rf4 27. Nd5 Rd4 28. Qe2 Rxd1+ 29. Qxd1 Rb5 30. Nf6+ Qxf6 31. Qd3+ e4 32. Qxb5 Ne7 33. h4 d5 34. g3 d4 35. Rxa7 d3 36. Qb4 e3 37. Qe4+ Nf5 38. Qxd3 exf2+ 1/2-1/2

[Event "Czech Open GM 2019"]
[Site "Pardubice"]
[Date "2019.07.19"]
[Round "1.5"]
[White "Mica, Marek"]
[Black "Kozak, Adam"]
[Result "0-1"]
[WhiteElo "2222"]
[BlackElo "2475"]
[Annotator "ChessBase"]
[PlyCount "88"]
[EventDate "2019.07.19"]
[EventType "swiss"]
[EventCountry "CZE"]
[SourceTitle "playchess.com"]
[Source "ChessBase"]
[SourceQuality "1"]

1. d4 Nf6 2. c4 e6 3. Nf3 b6 4. g3 Bb7 5. Bg2 Be7 6. O-O O-O 7. b3 c5 8. Bb2 d6 9. Nc3 a6 10. d5 exd5 11. Ne1 Nbd7 12. Nc2 b5 13. Nxd5 Nxd5 14. Bxd5 Bxd5 15. Qxd5 Nb6 16. Qe4 Re8 17. Qg4 g6 18. h4 Bf6 19. Bxf6 Qxf6 20. Ne3 Rad8 21. Rad1 Qe6 22. Rd3 Qxg4 23. Nxg4 Rxe2 24. Rfd1 bxc4 25. bxc4 Nxc4 26. Kf1 Rxa2 27. Nf6+ Kg7 28. Ne4 Re8 29. f3 Rc2 30. Ra1 d5 31. Ng5 h6 32. Nh3 Ne3+ 33. Kg1 c4 34. Rda3 Rg2+ 35. Kh1 Rxg3 36. Kh2 Rg2+ 37. Kh1 Rg3 38. Kh2 Rxh3+ 39. Kxh3 Nc2 40. Rxa6 Nxa1 41. Rxa1 c3 42. Ra5 Rc8 43. Rxd5 c2 44. Rd1 cxd1=Q 0-1

[Event "Czech Open GM 2019"]
[Site "Pardubice"]
[Date "2019.07.19"]
[Round "1.6"]
[White "Vorobiov, Evgeny E."]
[Black "Slovak, Kilian"]
[Result "1-0"]
[WhiteElo "2578"]
[BlackElo "2242"]
[Annotator "ChessBase"]
[PlyCount "73"]
[EventDate "2019.07.19"]
[EventType "swiss"]
[EventCountry "CZE"]
[SourceTitle "playchess.com"]
[Source "ChessBase"]
[SourceQuality "1"]

1. d4 Nf6 2. c4 g6 3. Nc3 Bg7 4. e4 d6 5. Be2 O-O 6. Be3 e5 7. d5 a5 8. g4 Na6 9. g5 Nd7 10. h4 c6 11. h5 cxd5 12. cxd5 Ndc5 13. f3 Bd7 14. Qd2 Qe7 15. Nh3 Qe8 16. Nf2 b5 17. Nd3 b4 18. Nd1 Bb5 19. N1f2 Qd7 20. Ng4 Rac8 21. Nxc5 Nxc5 22. Bxb5 Qxb5 23. Bxc5 Qxc5 24. Nf6+ Kh8 25. hxg6 Bxf6 26. Rxh7+ Kg8 27. gxf6 Qg1+ 28. Ke2 Qg2+ 29. Kd3 Qxf3+ 30. Qe3 Qxf6 31. g7 Kxh7 32. gxf8=N+ Rxf8 33. Rh1+ Kg7 34. Rg1+ Kh7 35. Qh3+ Qh6 36. Qf5+ Kh8 37. Rg3 1-0

[Event "Czech Open GM 2019"]
[Site "Pardubice"]
[Date "2019.07.19"]
[Round "1.6"]
[White "Nagy, Gabor"]
[Black "Stepan, Patrik"]
[Result "1-0"]
[WhiteElo "2474"]
[BlackElo "2221"]
[Annotator "ChessBase"]
[PlyCount "75"]
[EventDate "2019.07.19"]
[EventType "swiss"]
[EventCountry "CZE"]
[SourceTitle "playchess.com"]
[Source "ChessBase"]
[SourceQuality "1"]

1. c4 Nf6 2. Nc3 e6 3. e4 d5 4. e5 d4 5. exf6 dxc3 6. bxc3 Qxf6 7. Nf3 b6 8. d4 Bb7 9. Bd3 Nd7 10. Bg5 Bxf3 11. Qd2 Bxg2 12. Bxf6 Bxh1 13. Bh4 Bb7 14. Qe2 Bd6 15. Be4 Bxe4 16. Qxe4 O-O 17. Qc6 Nf6 18. Bxf6 gxf6 19. Qf3 f5 20. O-O-O Rfd8 21. Qh5 Bf4+ 22. Kc2 h6 23. h4 Kg7 24. d5 Kf6 25. Rd4 e5 26. Rxf4 exf4 27. Qxh6+ Ke5 28. Kd3 Rg8 29. Qc6 Rac8 30. h5 Rh8 31. h6 a5 32. Ke2 Rhd8 33. h7 Rh8 34. Qh6 Ke4 35. f3+ Ke5 36. Qg7+ Kd6 37. Qf6+ Kc5 38. Qc6# 1-0

[Event "Czech Open GM 2019"]
[Site "Pardubice"]
[Date "2019.07.19"]
[Round "1.7"]
[White "Polatel, Ali"]
[Black "Basso, Pier Luigi"]
[Result "1/2-1/2"]
[WhiteElo "2241"]
[BlackElo "2559"]
[Annotator "ChessBase"]
[PlyCount "118"]
[EventDate "2019.07.19"]
[EventType "swiss"]
[EventCountry "CZE"]
[SourceTitle "playchess.com"]
[Source "ChessBase"]
[SourceQuality "1"]

1. d4 d5 2. Nf3 Nf6 3. c4 c6 4. e3 Bg4 5. Qb3 Qb6 6. Nc3 e6 7. Ne5 Bf5 8. cxd5 exd5 9. Bd3 Bxd3 10. Nxd3 Nbd7 11. Bd2 Bd6 12. Qxb6 axb6 13. f3 O-O 14. Kf2 b5 15. Ne2 Nb6 16. b3 Rfe8 17. Bb4 Bc7 18. g4 Ra6 19. Bd2 Ra7 20. Nb4 Bd6 21. Nf4 Nfd7 22. Nfd3 Nf8 23. Bc3 Ne6 24. Rhd1 Rf8 25. h3 f5 26. Re1 fxg4 27. hxg4 Ng5 28. Nf4 Bxf4 29. exf4 Nh3+ 30. Kg3 Nxf4 31. Bd2 Ng6 32. f4 Raa8 33. Nd3 Rfe8 34. f5 Nf8 35. g5 Nfd7 36. Bb4 Re4 37. Nc5 Nxc5 38. Bxc5 Nd7 39. Rxe4 dxe4 40. Bd6 Re8 41. Re1 Nb6 42. Be5 c5 43. f6 gxf6 44. gxf6 Nd5 45. Kg4 cxd4 46. Bxd4 Kf7 47. Kf5 Nc7 48. Rh1 Rh8 49. Be5 Ne6 50. Rd1 Rd8 51. Rh1 Nf8 52. Kxe4 Ke6 53. Bc3 Rd7 54. Rh5 Rc7 55. Re5+ Kf7 56. Ba5 Rd7 57. Rxb5 Kxf6 58. Rf5+ Kg7 59. Bc3+ Kg8 1/2-1/2

[Event "Czech Open GM 2019"]
[Site "Pardubice"]
[Date "2019.07.19"]
[Round "1.7"]
[White "Pychova, Nela"]
[Black "Saduakassova, Dinara"]
[Result "0-1"]
[WhiteElo "2214"]
[BlackElo "2474"]
[Annotator "ChessBase"]
[PlyCount "130"]
[EventDate "2019.07.19"]
[EventType "swiss"]
[EventCountry "CZE"]
[SourceTitle "playchess.com"]
[Source "ChessBase"]
[SourceQuality "1"]

1. c4 c5 2. Nc3 Nc6 3. g3 g6 4. Bg2 Bg7 5. Nf3 e5 6. O-O Nge7 7. Ne1 d6 8. Nc2 Be6 9. Ne3 Qd7 10. Ned5 O-O 11. a3 Bh3 12. d3 Bxg2 13. Kxg2 f5 14. Bg5 Nxd5 15. cxd5 Nd4 16. Be3 Qf7 17. f3 f4 18. Bf2 h5 19. b4 b6 20. bxc5 dxc5 21. a4 Rab8 22. Rb1 Bh6 23. a5 Nf5 24. axb6 axb6 25. Qb3 fxg3 26. hxg3 Be3 27. d6 Bxf2 28. Kxf2 Nxd6 29. Qxf7+ Rxf7 30. Na4 Rfb7 31. Rfc1 Ne8 32. Nc3 Kf7 33. Rb2 Nf6 34. Rcb1 Ke6 35. Na4 Nd7 36. Rb5 Kd6 37. g4 hxg4 38. fxg4 Kc6 39. Nc3 Nf6 40. Kg3 Ra7 41. R5b3 Rh7 42. Rf1 Nd7 43. Ne4 Ra8 44. Ng5 Re7 45. Rfb1 Ra2 46. Kf3 Re8 47. Ne4 Rf8+ 48. Ke3 Rh8 49. Nf6 Rh3+ 50. Kf2 c4 51. Rb5 cxd3 52. Nxd7 Rxe2+ 53. Kg1 Kxd7 54. Rxb6 Rg3+ 55. Kf1 Rf3+ 56. Kg1 Rg3+ 57. Kf1 Rf3+ 58. Kg1 d2 59. Rb7+ Ke6 60. R1b6+ Kd5 61. Rb5+ Ke4 62. Rb4+ Ke3 63. Rb3+ Kf4 64. Rf7+ Kxg4 65. Rbxf3 d1=Q+ 0-1

[Event "Czech Open GM 2019"]
[Site "Pardubice"]
[Date "2019.07.19"]
[Round "1.8"]
[White "Stocek, Jiri"]
[Black "Polgar-Shutzman, Tom"]
[Result "1-0"]
[WhiteElo "2556"]
[BlackElo "2241"]
[Annotator "ChessBase"]
[PlyCount "55"]
[EventDate "2019.07.19"]
[EventType "swiss"]
[EventCountry "CZE"]
[SourceTitle "playchess.com"]
[Source "ChessBase"]
[SourceQuality "1"]

1. d4 Nf6 2. c4 d6 3. Nc3 Nbd7 4. e4 e5 5. Nge2 Be7 6. Ng3 exd4 7. Qxd4 Ne5 8. Be2 O-O 9. O-O Nc6 10. Qd2 Re8 11. b3 Bf8 12. Bb2 g6 13. Rad1 Bg7 14. f3 h5 15. Nh1 h4 16. Nf2 Kh7 17. Nd5 Ne5 18. f4 Ned7 19. Nxf6+ Bxf6 20. e5 dxe5 21. Ne4 Bg7 22. fxe5 Kg8 23. Rxf7 Kxf7 24. Qd5+ Re6 25. Bg4 Qe7 26. Bxe6+ Ke8 27. Bxd7+ Bxd7 28. Qg8+ 1-0

[Event "Czech Open GM 2019"]
[Site "Pardubice"]
[Date "2019.07.19"]
[Round "1.8"]
[White "Gavrilescu, David"]
[Black "Sulayev, Daniel"]
[Result "1/2-1/2"]
[WhiteElo "2473"]
[BlackElo "2214"]
[Annotator "ChessBase"]
[PlyCount "44"]
[EventDate "2019.07.19"]
[EventType "swiss"]
[EventCountry "CZE"]
[SourceTitle "playchess.com"]
[Source "ChessBase"]
[SourceQuality "1"]

1. e4 c5 2. Nf3 Nc6 3. Bb5 e6 4. Bxc6 bxc6 5. b3 f6 6. Bb2 e5 7. O-O Ne7 8. Nh4 d6 9. d3 Be6 10. f4 Ng6 11. Qh5 Bf7 12. Nxg6 Bxg6 13. Qg4 Qd7 14. Qg3 exf4 15. Qxf4 Be7 16. Nd2 O-O 17. Rae1 Rae8 18. Qf2 Bd8 19. Kh1 Ba5 20. c3 d5 21. Rd1 Rd8 22. Rde1 Rfe8 1/2-1/2

[Event "Czech Open GM 2019"]
[Site "Pardubice"]
[Date "2019.07.19"]
[Round "1.9"]
[White "Lederman, Leon"]
[Black "Babula, Vlastimil"]
[Result "1/2-1/2"]
[WhiteElo "2238"]
[BlackElo "2550"]
[Annotator "ChessBase"]
[PlyCount "96"]
[EventDate "2019.07.19"]
[EventType "swiss"]
[EventCountry "CZE"]
[SourceTitle "playchess.com"]
[Source "ChessBase"]
[SourceQuality "1"]

1. e4 c5 2. Nf3 e6 3. d4 cxd4 4. Nxd4 a6 5. Bd3 Bc5 6. Nb3 Be7 7. c4 d6 8. Nc3 Nf6 9. Be3 O-O 10. O-O Nbd7 11. Rc1 b6 12. f3 Bb7 13. Qe1 Ne5 14. Be2 Rc8 15. Nd2 Nfd7 16. f4 Ng6 17. Qg3 Bf6 18. Bd3 Re8 19. Bb1 Qc7 20. Qf2 Qb8 21. Bd3 Bc6 22. Qe2 Nc5 23. b4 Nxd3 24. Qxd3 b5 25. cxb5 axb5 26. Ne2 Qa8 27. Rc2 Be7 28. a3 d5 29. e5 d4 30. Nxd4 Bxg2 31. Rfc1 Rxc2 32. Rxc2 Rd8 33. Qe2 Rxd4 34. Qxg2 Rd5 35. Qe4 h6 36. Rc3 Qa4 37. Qb1 Rd8 38. Kf2 Nh4 39. Ne4 Nf5 40. Rd3 Rc8 41. Bc5 Bh4+ 42. Ke2 Qa8 43. Qh1 Be7 44. Qf3 Qa4 45. Kd2 Nh4 46. Qe3 Nf5 47. Qf3 Nh4 48. Qe3 Nf5 1/2-1/2

[Event "Czech Open GM 2019"]
[Site "Pardubice"]
[Date "2019.07.19"]
[Round "1.9"]
[White "Kearns, Christopher"]
[Black "Barski, Radoslaw"]
[Result "0-1"]
[WhiteElo "2212"]
[BlackElo "2468"]
[Annotator "ChessBase"]
[PlyCount "102"]
[EventDate "2019.07.19"]
[EventType "swiss"]
[EventCountry "CZE"]
[SourceTitle "playchess.com"]
[Source "ChessBase"]
[SourceQuality "1"]

1. e4 e5 2. Nf3 Nc6 3. Nc3 Nf6 4. a3 g6 5. d4 exd4 6. Nd5 Bg7 7. Bg5 h6 8. Bf4 d6 9. Nxd4 O-O 10. Nb5 Nxe4 11. Nbxc7 Be6 12. c3 Rc8 13. Nxe6 fxe6 14. Be3 exd5 15. Qxd5+ Kh7 16. Qxe4 d5 17. Qa4 d4 18. cxd4 Bxd4 19. O-O-O Bxe3+ 20. fxe3 Qe7 21. Kb1 Rf2 22. Bd3 Qg7 23. Qb5 a6 24. Qb6 Ne5 25. Be4 Nc4 26. Qxg6+ Qxg6 27. Rd7+ Kh8 28. Bxg6 Rxb2+ 29. Ka1 Rb3 30. Rc1 Rxa3+ 31. Kb1 Rxe3 32. Rh7+ Kg8 33. Rxb7 Na3+ 34. Kb2 Re2+ 35. Kxa3 Rxc1 36. Bf7+ Kf8 37. Bd5 Ra1+ 38. Kb3 Rb1+ 39. Kc3 Rxb7 40. Bxb7 a5 41. Bf3 Re5 42. Kb3 Ke7 43. Ka4 Kd6 44. h3 Kc7 45. Bg4 h5 46. Bf3 h4 47. Bg4 Kb6 48. Bf3 Rb5 49. Ka3 Rb4 50. Bg4 Rd4 51. Bh5 a4 0-1

[Event "Czech Open GM 2019"]
[Site "Pardubice"]
[Date "2019.07.19"]
[Round "1.10"]
[White "Plat, Vojtech"]
[Black "Kosiorek, Marek"]
[Result "1-0"]
[WhiteElo "2548"]
[BlackElo "2238"]
[Annotator "ChessBase"]
[PlyCount "81"]
[EventDate "2019.07.19"]
[EventType "swiss"]
[EventCountry "CZE"]
[SourceTitle "playchess.com"]
[Source "ChessBase"]
[SourceQuality "1"]

1. e4 c5 2. Nf3 e6 3. d4 cxd4 4. Nxd4 Nf6 5. Nc3 d6 6. Be2 Nc6 7. Be3 Be7 8. O-O O-O 9. f4 Bd7 10. Kh1 a6 11. Qe1 b5 12. a3 Qb8 13. Rd1 b4 14. axb4 Qxb4 15. Bf3 Rac8 16. Nxc6 Bxc6 17. Bd4 a5 18. Rf2 Qb8 19. b3 Rfe8 20. Rfd2 e5 21. Be3 Qb4 22. Re2 Bb7 23. Bd2 Qc5 24. Nd5 Bxd5 25. exd5 Qxc2 26. fxe5 dxe5 27. Bg5 Qc5 28. d6 Bxd6 29. Bxf6 gxf6 30. Qh4 f5 31. Qg5+ Kh8 32. Qxf5 e4 33. Qf6+ Kg8 34. Bxe4 Qh5 35. g4 Be5 36. Qf3 Qg5 37. Rd7 Rc1+ 38. Kg2 f5 39. Bxf5 Re7 40. Rxe7 Qxe7 41. Qd5+ 1-0

[Event "Czech Open GM 2019"]
[Site "Pardubice"]
[Date "2019.07.19"]
[Round "1.10"]
[White "Gutman, Gennadi"]
[Black "Lintner, Igor"]
[Result "1-0"]
[WhiteElo "2466"]
[BlackElo "2212"]
[Annotator "ChessBase"]
[PlyCount "81"]
[EventDate "2019.07.19"]
[EventType "swiss"]
[EventCountry "CZE"]
[SourceTitle "playchess.com"]
[Source "ChessBase"]
[SourceQuality "1"]

1. d4 e6 2. Nf3 c5 3. e3 d5 4. c4 Nf6 5. Nc3 Nc6 6. a3 cxd4 7. exd4 Ne4 8. Bd3 Nxc3 9. bxc3 Be7 10. O-O O-O 11. Re1 dxc4 12. Bxc4 b6 13. Qd3 Bb7 14. Ba2 Rc8 15. Re3 Bf6 16. h4 Ne7 17. Ng5 g6 18. Bd2 Nf5 19. Rh3 Bd5 20. Bb1 Nxh4 21. Qg3 h6 22. f4 hxg5 23. fxg5 Bg7 24. Qxh4 f5 25. Qh7+ Kf7 26. Rh6 Rh8 27. Qxg6+ Kg8 28. Rxh8+ Kxh8 29. Qh5+ Kg8 30. g6 Qc7 31. Bd3 Qg3 32. Bf1 Rc7 33. Re1 Bf6 34. Re3 Qg5 35. Qh2 f4 36. Rh3 Qxg6 37. Qxf4 Rg7 38. Qb8+ Kf7 39. Rh8 Be7 40. Qe8+ Kf6 41. Rh6 1-0

[Event "Czech Open GM 2019"]
[Site "Pardubice"]
[Date "2019.07.19"]
[Round "1.11"]
[White "Sikorova, Olga"]
[Black "Grigoriants, Sergey"]
[Result "1/2-1/2"]
[WhiteElo "2235"]
[BlackElo "2547"]
[Annotator "ChessBase"]
[PlyCount "50"]
[EventDate "2019.07.19"]
[EventType "swiss"]
[EventCountry "CZE"]
[SourceTitle "playchess.com"]
[Source "ChessBase"]
[SourceQuality "1"]

1. c4 e5 2. g3 Nf6 3. Bg2 Bc5 4. Nc3 O-O 5. e3 d6 6. Nge2 a6 7. O-O Nc6 8. d4 Ba7 9. a3 Re8 10. b4 h6 11. d5 Ne7 12. h3 c6 13. e4 cxd5 14. cxd5 Bd7 15. Qd3 Rc8 16. Kh2 Ng6 17. Bd2 Rc7 18. Rac1 Qe7 19. Be3 Bxe3 20. Qxe3 Rec8 21. Qb6 h5 22. Nb1 Bb5 23. Rxc7 Qxc7 24. Qxc7 Rxc7 25. Rc1 Rxc1 1/2-1/2

[Event "Czech Open GM 2019"]
[Site "Pardubice"]
[Date "2019.07.19"]
[Round "1.11"]
[White "Mullick, Raahil"]
[Black "Karttunen, Mika"]
[Result "1/2-1/2"]
[WhiteElo "2211"]
[BlackElo "2466"]
[Annotator "ChessBase"]
[PlyCount "56"]
[EventDate "2019.07.19"]
[EventType "swiss"]
[EventCountry "CZE"]
[SourceTitle "playchess.com"]
[Source "ChessBase"]
[SourceQuality "1"]

1. e4 c5 2. Nf3 Nc6 3. d4 cxd4 4. Nxd4 e5 5. Nb5 d6 6. N1c3 a6 7. Na3 b5 8. Nd5 Nge7 9. c4 Nxd5 10. exd5 Nd4 11. cxb5 Bd7 12. Be3 axb5 13. Bxd4 exd4 14. Bd3 Qa5+ 15. Kf1 b4 16. Nc4 Qc5 17. Rc1 Rxa2 18. Qe1+ Be7 19. Ne5 Qxc1 20. Qxc1 dxe5 21. Qc7 Ra1+ 22. Ke2 Rxh1 23. Qb8+ Bd8 24. Qxe5+ Kf8 25. Qd6+ Ke8 26. Qe5+ Kf8 27. Qd6+ Ke8 28. Qe5+ Kf8 1/2-1/2